Leaders eat last why some teams pull together and others don't
Saved in:
| Main Author: | |
|---|---|
| Format: | Book |
| Language: | English |
| Published: |
London
Portfolio Penguin
2014
|
| Subjects: | |
| Tags: |
No Tags, Be the first to tag this record!
|
MARC
| LEADER | 00000nam a2200000 4500 | ||
|---|---|---|---|
| 001 | 0205313 | ||
| 005 | 20240312115811.0 | ||
| 020 | |a 978-0-670-92316-8 | ||
| 041 | 0 | |a eng | |
| 044 | |a GB | ||
| 245 | 1 | 0 | |a Leaders eat last |b why some teams pull together and others don't |c Simon Sinek |
| 264 | 1 | |a London |b Portfolio Penguin |c 2014 | |
| 300 | |a 244 s. | ||
| 610 | 2 | 0 | |a lídri |
| 610 | 2 | 0 | |a pracovníci riadiaci |
| 610 | 2 | 0 | |a pracovníci vedúci |
| 610 | 2 | 0 | |a riziko podnikateľské |
| 610 | 2 | 0 | |a vedenie ľudí |
| 610 | 2 | 0 | |a riadenie podnikové |
| 610 | 2 | 0 | |a tímy pracovné |
| 100 | 1 | |a Sinek, Simon | |